000 00633nmm a2200169Ia 4500
008 251105s9999||||xx |||||||||||||||||und||
020 _a9788499402208
041 _aspa
100 _aCentenero de Arce, Domingo
245 0 _aDe repúblicas urbanas a ciudades nobles :
_b Un análisis de la evolución y desarrollo del republicanismo castellano (1550-1621)
264 _a[Madrid, España] :
_bBiblioteca Nueva,
_c2012
300 _a176 páginas
490 _aBiblioteca Saavedra Fajardo de pensamiento político
650 _aPolitical Science (General)
856 _uhttps://public.digitaliapublishing.com/a/17021
942 _cCF
999 _c92632
_d92632